| 000 | 02895nam a22003977a 4500 | ||
|---|---|---|---|
| 005 | 20091218102538.0 | ||
| 008 | 090120t xxu||||| |||| 00| 0 eng d | ||
| 010 | _aB-389947-958 | ||
| 020 |
_a9780746070796 _c675.00 |
||
| 035 | _aB-389947-958 | ||
| 037 | _bScholastic | ||
| 040 |
_adpl _bEnglish |
||
| 082 | _aS | ||
| 100 | _aMilbourne, Anna | ||
| 245 |
_aUsborne stories of knights & castles / _cby Anna Milbourne; edited by Gillian Doherty; illustrated by Alan Marks |
||
| 260 |
_aLondon _bUsborne Publishing _c2006 |
||
| 270 |
_aUsborne House, 83-85 Saffron Hill _bLondon |
||
| 300 |
_a96p.: _bcol. ill. _c26cm(Hb) |
||
| 650 | _aStories | ||
| 700 | _aDoherty, Gillian | ||
| 700 | _aMarks, Alan | ||
| 942 |
_2ddc _cCH _hS _mMIL |
||
| 999 |
_c33153 _d33153 |
||